Les jeux mobile qui prennent le plus de place (en GB) - Statistiques

Statistiques générales
  • Ce quiz a été pris 12 fois
  • Le résultat moyen est 2 sur 20
Statistiques - réponses
Taille Jeu % Correct
41 GB Call of Duty: Mobile
50%
24 GB PUBG Mobile
50%
37 GB Genshin Impact
38%
11 GB Honkai: Star Rail
13%
73 GB Once Human
13%
64 GB Resident Evil 4
13%
22 GB Alien: Isolation
0%
14 GB Crystal of Atlan
0%
23 GB Diablo Immortal
0%
11 GB Dragon Quest Monsters: The Dark Prince
0%
18 GB Honkai Impact 3rd
0%
20 GB Infinity Nikki
0%
15 GB Legend of YMIR
0%
30 GB Love and Deepspace
0%
35 GB ODIN Valhalla Rising
0%
24 GB Persona 5: The Phantom X
0%
30 GB Tower of Fantasy
0%
23 GB Where Winds Meet
0%
25 GB Wuthering Waves
0%
35 GB Zenless Zone Zero
0%
Aucun quiz correspondant
Distribution des résultats
% des personnes avec chaque résultat
Percentile par nombre de réponses
Votre historique - résultats
Vous n’avez pas pris ce quiz